Les Serpentards dans Harry Potter - Statistiques

Statistiques générales
  • Ce quiz a été pris 225 fois
  • Le résultat moyen est 14 sur 21
Statistiques - réponses
Personnages % Correct
2 Drago Malefoy
99%
7 Gregory Goyle
95%
6 Vincent Crabbe
95%
1 Tom Jedusor
94%
5 Lucius Malefoy
93%
9 Pansy Parkinson
91%
3 Bellatrix Lestrange
90%
4 Narcissa Malefoy
90%
10 Severus Rogue
88%
12 Blaise Zabini
78%
11 Horace Slughorn
67%
18 Regulus Black
62%
21 Salazar Serpentard
55%
8 Dolores Ombrage
52%
16 Marcus Flint
48%
19 Andromeda Tonks
41%
17 Millicent Bulstrode
41%
14 Rodolphus Lestrange
39%
13 Baron Sanglant
21%
15 Leta Lestrange
18%
20 Evan Rosier
15%
Aucun quiz correspondant
Distribution des résultats
% des personnes avec chaque résultat
Percentile par nombre de réponses
Votre historique - résultats
Vous n’avez pas pris ce quiz